Jujol /

Furkejuvvon:
Bibliográfalaš dieđut
Váldodahkki: Jujol, Josep María (autor)
Eará dahkkit: Solà-Morales, Ignasi de (texto) (texto), Levick, Melba (fotógrafo) (fotógrafo)
Materiálatiipa: Girji
Giella:espánnjágiella
Almmustuhtton: Barcelona, España : Polígrafa, 1990, c1990
Fáttát:
Fáddágilkorat: Lasit fáddágilkoriid
Eai fáddágilkorat, Lasit vuosttaš fáddágilkora!

MARC

LEADER 00000nam^a2200000^a^4500
001 000187030
005 20250521000000.0
009 20260310102247.486
020 |a 84-343-0597-6 
037 |a Acervo ITESO - Biblioteca 
041 |a ESP 
082 |a 720. 946  |b JUJ SOL 
100 |a Jujol, Josep María  |e (autor) 
245 1 0 |a Jujol /  |c J.M. Jujol ; texto de I. de Solà-Morales ; fotografía de M. Levick. 
264 4 |a Barcelona, España :  |b Polígrafa,  |c 1990, c1990 
300 |a 127 p. 
336 |a texto  |b txt  |2 rdacontenido 
337 |a sin mediación  |b n  |2 rdamedio 
338 |a volumen  |b nc  |2 rdasoporte 
649 |a XX 
650 |a Arquitectos Españoles 
650 |a Artistas Españoles 
650 |a Art Nouveau -  |z España 
650 |a Arquitectura Moderna -  |z España 
650 |a Arquitectura Española 
650 |a Arte Moderno -  |z España 
650 |a Arte Español 
650 |a Jujol, Josep María 
700 |a Solà-Morales, Ignasi de  |e (texto) 
700 |a Levick, Melba  |e (fotógrafo) 
910 |a Fondo General 
920 |a Impresos - Libros 
930 |a Reserva Especial 
905 |a 103 
901 |a 0500129073  |b IT1  |c REE  |u 20250521 
902 |a https://opac.biblio.iteso.mx/vufind/Record/000187030